00948 a2200193 4500003000400000005001700004008004100021020001800062020001800080020001800098040000900116082002400125245015100149300005300300942005400353952016500407952016500572999001700737OSt20250702153326.0250702b |||||||| |||| 00| 0 eng d a9789355946492 a9789355948632 a9789355947260 coclc a305.56880954bKOL/P aParticularly Vulnerable Tribal Groups of India : bLivelihood patterns and development strategies /cEdited by Swapan Kumar Kolay, Nilanjan Khatua a2 Volume, bvol 1 367 pagescvol 2 368-594 pages 2ddccBKh305.56880954iKOL/Pk305.56880954mKOL/P 00102ddc40708SOCIAL SCIENCEaMESbMEScSOCIAL SCIENCEd2025-07-02l0o305.56880954 KOL/Pp46046r2025-07-02 15:32:59tvol 1v2000.00w2025-07-02yBKzGL41R3 00102ddc40708SOCIAL SCIENCEaMESbMEScSOCIAL SCIENCEd2025-07-02l0o305.56880954 KOL/Pp46047r2025-07-02 15:32:59tvol 2v1500.00w2025-07-02yBKzGL41R3 c44585d44585